Countries of South America - Statistics

General Stats
  • This quiz has been taken 457 times
  • The average score is 10 of 12
Answers on the Grid
Answers color-coded by a green-red scale on the quiz's grid according to % correct below.
Argentina
Netherlands
Bolivia
Bermuda
Barbados
Belgium
Brazil
Greenland
Germany
Peru
Ecuador
Mexico
Italy
Poland
Paraguay
Mongolia
Russia
Suriname
Denmark
Nigeria
Guyana
Uruguay
Portugal
France
Chile
Grease
Venezuela
Iceland
Colombia
Canada
 
Answer Stats
Answer % Correct
Argentina
94%
Bolivia
90%
Brazil
90%
Paraguay
89%
Peru
88%
Uruguay
87%
Chile
86%
Colombia
86%
Ecuador
86%
Guyana
86%
Venezuela
86%
Suriname
83%
No matching quizzes found
Score Distribution
Percent of People with Each Score
Percentile by Number Answered
Your Score History
You have not taken this quiz